[Event "Soacha op-A"]
[Site "Soacha"]
[Date "2021.09.09"]
[Round "4"]
[White "Fernandez Reyes, Lisandro"]
[Black "Heredia Serrano, Carla Sofia"]
[Result "1/2-1/2"]
[WhiteElo "2379"]
[BlackElo "2107"]
[PlyCount "26"]
[EventDate "2021.09.08"]
[EventType "swiss"]
[EventRounds "10"]
[EventCountry "COL"]
[SourceTitle "CBM 204 Extra"]
[Source "ChessBase"]
[SourceDate "2021.11.30"]
[SourceVersion "1"]
[SourceVersionDate "2021.11.30"]
[SourceQuality "1"]

1. d4 d5 2. c4 c6 3. Nf3 Nf6 4. e3 Bf5 5. Nc3 e6 6. Be2 Nbd7 7. 0-0 Bd6 8. h3 Ne4 9. Qb3 Rb8 10. Rd1 Qf6 11. Nxe4 dxe4 12. Nd2 Qg5 13. Kf1 Bh2 1/2-1/2

[Event "Soacha op-A"]
[Site "Soacha"]
[Date "2021.09.09"]
[Round "3"]
[White "Garcia Pantoja, Roberto"]
[Black "Fernandez Reyes, Lisandro"]
[Result "1/2-1/2"]
[WhiteElo "2522"]
[BlackElo "2379"]
[PlyCount "52"]
[EventDate "2021.09.08"]
[EventType "swiss"]
[EventRounds "10"]
[EventCountry "COL"]
[SourceTitle "CBM 204 Extra"]
[Source "ChessBase"]
[SourceDate "2021.11.30"]
[SourceVersion "1"]
[SourceVersionDate "2021.11.30"]
[SourceQuality "1"]

1. e4 Nf6 2. e5 Nd5 3. d4 d6 4. Nf3 g6 5. Bc4 Nb6 6. Bb3 d5 7. a4 a5 8. Nc3 Bg7 9. Ne2 Bg4 10. Nf4 e6 11. h3 Bxf3 12. Qxf3 c5 13. Qg3 Bf8 14. dxc5 Bxc5 15. h4 Nc6 16. h5 g5 17. Nd3 Be7 18. 0-0 Nd4 19. Qg4 Nf5 20. c3 Qc7 21. Re1 0-0-0 22. Re2 Nh6 23. Qd4 Nf5 24. Qg4 Nh6 25. Qd4 Nf5 26. Qg4 Nh6 1/2-1/2

[Event "Preinscritos IRT Online"]
[Site "Chess.com INT"]
[Date "2020.12.26"]
[Round "2"]
[White "Fernandez Reyes, Lisandro"]
[Black "Jimenez, Washington"]
[Result "1-0"]
[WhiteElo "2413"]
[BlackElo "1509"]
[PlyCount "53"]
[EventDate "2020.12.26"]
[EventType "swiss"]
[EventRounds "11"]
[EventCountry "ECU"]
[SourceTitle "CBM 200 Extra"]
[Source "ChessBase"]
[SourceDate "2021.03.31"]
[SourceVersion "1"]
[SourceVersionDate "2021.03.31"]
[SourceQuality "1"]

1. e4 e5 2. Nf3 Nc6 3. Bb5 Bc5 4. 0-0 d6 5. c3 Bd7 6. d4 exd4 7. cxd4 Bb6 8. Nc3 Nge7 9. Bg5 0-0 10. a4 a6 11. Bxc6 Bxc6 12. Re1 f6 13. Bh4 Ng6 14. Bg3 Re8 15. b4 d5 16. Qb3 Kh8 17. exd5 Rxe1+ 18. Rxe1 Bd7 19. a5 Ba7 20. Qc4 Bg4 21. Bxc7 Qd7 22. Nd2 Rc8 23. d6 Bh3 24. gxh3 Qxh3 25. Qe6 Qxe6 26. Rxe6 Bxd4 27. d7 1-0

[Event "Online Olym Div2 E"]
[Site "Chess.com INT"]
[Date "2020.08.14"]
[Round "3.2"]
[White "Fernandez Reyes, Lisandro"]
[Black "Jimenez Garcia, Emanuel"]
[Result "0-1"]
[WhiteElo "2379"]
[BlackElo "2397"]
[PlyCount "128"]
[EventDate "2020.08.14"]
[EventType "team-tourn (rapid)"]
[EventRounds "9"]
[EventCountry "USA"]
[SourceTitle "CBM 198"]
[Source "ChessBase"]
[SourceDate "2020.10.31"]
[SourceVersion "1"]
[SourceVersionDate "2020.10.31"]
[SourceQuality "1"]
[WhiteTeam "Ecuador"]
[BlackTeam "Costa Rica"]
[WhiteTeamCountry "ECU"]
[BlackTeamCountry "CRI"]

1. d4 b6 2. c4 Bb7 3. Nf3 Nf6 4. g3 g6 5. Bg2 Bg7 6. 0-0 0-0 7. Nc3 Ne4 8. Bd2 d6 9. Nxe4 Bxe4 10. Bc3 e6 11. Rc1 Nd7 12. Re1 a5 13. Bf1 Re8 14. Qd2 e5 15. d5 Nc5 16. b3 Bf5 17. Qd1 Bh6 18. Bd2 Bg7 19. Nh4 Bg4 20. f3 Bd7 21. e4 f5 22. exf5 gxf5 23. f4 e4 24. Bc3 Bxc3 25. Rxc3 Qf6 26. Qd2 Re7 27. Rce3 Rg7 28. Kh1 Kh8 29. Qc3 Qxc3 30. Rxc3 Rf7 31. Be2 Rb8 32. a3 b5 33. cxb5 Bxb5 34. Bxb5 Rxb5 35. Rb1 Nd3 36. Ng2 Rxd5 37. Ne3 Rb5 38. Rc6 Nc5 39. Nd5 Rxb3 40. Rxb3 Nxb3 41. Nxc7 Nd4 42. Rc1 e3 43. Nd5 e2 44. Re1 Rb7 45. Kg2 Rb3 46. a4 Ra3 47. Nb6 Kg7 48. Kf2 Kf6 49. h3 Ke6 50. Nc4 Rxa4 51. Ne3 Ra3 52. Nc4 Ra2 53. g4 a4 54. g5 Kd5 55. Ne3+ Ke4 56. h4 Ra3 57. Nc4 Rf3+ 58. Kg2 Rxf4 59. Nxd6+ Kd5 60. Ne8 Rxh4 61. Nf6+ Kc4 62. Kg3 f4+ 63. Kg2 Kd3 64. Ra1 Nc2 0-1

[Event "Vazquez Memorial GM 17th"]
[Site "Mayabeque"]
[Date "2019.09.28"]
[Round "5"]
[White "Munoz Galvez, Jhon Edison"]
[Black "Fernandez Reyes, Lisandro"]
[Result "1/2-1/2"]
[WhiteElo "2342"]
[BlackElo "2384"]
[PlyCount "164"]
[EventDate "2019.09.25"]
[EventType "tourn"]
[EventRounds "9"]
[EventCountry "CUB"]
[EventCategory "7"]
[SourceTitle "EXT 2020"]
[Source "ChessBase"]
[SourceDate "2019.10.17"]
[SourceVersion "1"]
[SourceVersionDate "2019.10.17"]
[SourceQuality "1"]

1. d4 Nf6 2. c4 c5 3. d5 g6 4. Nc3 Bg7 5. e4 d6 6. Nf3 0-0 7. h3 a6 8. Bd3 e5 9. g4 b5 10. cxb5 axb5 11. Bxb5 Na6 12. Bg5 h6 13. Be3 Ne8 14. Rg1 Rb8 15. Qe2 Nb4 16. a3 Qa5 17. Bc4 Kh7 18. Rc1 Na6 19. Qc2 Qd8 20. Rg3 Rh8 21. Bd3 Kg8 22. Nd2 h5 23. g5 h4 24. Rf3 Bf8 25. Ke2 Be7 26. Rg1 Ng7 27. Nc4 Nh5 28. Kd1 Qc7 29. Bf1 Ra8 30. Qb3 Rb8 31. Qa4 Kg7 32. Kc1 Ra8 33. Qc6 Bb7 34. Qxc7 Nxc7 35. Bd2 Nf4 36. Rxf4 exf4 37. Bxf4 Rhd8 38. Rg4 Bc8 39. Rg1 Kg8 40. Nb6 Rb8 41. Nxc8 Rbxc8 42. Bc4 Bf8 43. Rg4 Bg7 44. Bd2 Rb8 45. Rxh4 Rb7 46. b3 Ra8 47. a4 Na6 48. Nb5 Rd7 49. Rg4 Nb4 50. h4 Re8 51. f3 Kf8 52. Kd1 Ke7 53. Na3 Rh8 54. Bb5 Rdd8 55. Ke2 Ra8 56. Nc4 Nc2 57. Bf4 Nd4+ 58. Kd3 Rhd8 59. Nd2 Nxb5 60. axb5 Ra5 61. h5 gxh5 62. Rh4 Rxb5 63. Rxh5 Rb4 64. Rh7 Kf8 65. Ke2 Kg8 66. Rh1 Rb6 67. Rc1 Ra8 68. Rc2 Bd4 69. Be3 Bxe3 70. Kxe3 Ra1 71. Kf4 Kf8 72. e5 dxe5+ 73. Kxe5 Re1+ 74. Ne4 Rxb3 75. Rxc5 Rxf3 76. d6 Rd3 77. Rc8+ Kg7 78. Rc5 Kg6 79. Rd5 Red1 80. Rxd3 Rxd3 81. Nc5 Rxd6 82. Kxd6 Kxg5 1/2-1/2

[Event "Vazquez Memorial GM 17th"]
[Site "Mayabeque"]
[Date "2019.09.27"]
[Round "4"]
[White "Fernandez Reyes, Lisandro"]
[Black "Quesada Perez, Luis Ernesto"]
[Result "1-0"]
[WhiteElo "2384"]
[BlackElo "2493"]
[PlyCount "83"]
[EventDate "2019.09.25"]
[EventType "tourn"]
[EventRounds "9"]
[EventCountry "CUB"]
[EventCategory "7"]
[SourceTitle "EXT 2020"]
[Source "ChessBase"]
[SourceDate "2019.10.17"]
[SourceVersion "1"]
[SourceVersionDate "2019.10.17"]
[SourceQuality "1"]

1. Nf3 Nf6 2. b3 d6 3. d4 g6 4. Bb2 Bg7 5. Nbd2 0-0 6. e4 Nc6 7. Bb5 Bd7 8. 0-0 a6 9. Bxc6 Bxc6 10. Re1 b6 11. c4 e5 12. c5 exd4 13. Nxd4 Bb7 14. c6 Bc8 15. h3 Re8 16. Qf3 Nh5 17. Nf1 Qg5 18. Rad1 Nf4 19. Kh1 Be5 20. Bc1 Qh4 21. Bxf4 Bxf4 22. Ne3 Be6 23. Kg1 Be5 24. Ndc2 Rf8 25. Nd5 Bxd5 26. exd5 Rae8 27. Qg4 Qf6 28. Re3 h5 29. Qf3 Qh4 30. Rde1 f5 31. Qe2 f4 32. Re4 g5 33. Nd4 g4 34. hxg4 hxg4 35. g3 Qh3 36. Ne6 Re7 37. Nxf4 Qh6 38. Qxg4+ Kh7 39. Ne6 Rg8 40. Qh4 Bxg3 41. Nf8+ Kg7 42. Rg4+ 1-0

[Event "Guayaquil zt 2.4"]
[Site "Guayaquil"]
[Date "2019.04.13"]
[Round "8"]
[White "Fernandez Reyes, Lisandro"]
[Black "Cruz, Cristhian"]
[Result "0-1"]
[WhiteElo "2372"]
[BlackElo "2569"]
[PlyCount "80"]
[EventDate "2019.04.09"]
[EventType "swiss"]
[EventRounds "9"]
[EventCountry "ECU"]
[SourceTitle "CBM 189 Extra"]
[Source "ChessBase"]
[SourceDate "2019.06.03"]
[SourceVersion "1"]
[SourceVersionDate "2019.06.03"]
[SourceQuality "1"]

1. e4 e5 2. Nf3 Nc6 3. Bb5 a6 4. Ba4 Nf6 5. 0-0 Be7 6. Re1 b5 7. Bb3 0-0 8. a4 Rb8 9. d3 d6 10. c3 Be6 11. Nbd2 Re8 12. Bc2 Bf8 13. d4 exd4 14. cxd4 Bg4 15. h3 Bh5 16. axb5 axb5 17. Nb3 Nb4 18. Bb1 c5 19. d5 Bg6 20. Nbd2 Nd7 21. Nf1 c4 22. Bd2 Nd3 23. Bxd3 cxd3 24. Ba5 Qc8 25. Ng3 Nc5 26. Nd2 b4 27. h4 h6 28. f4 Be7 29. f5 Bh7 30. Qg4 Bf6 31. Nh5 Bxb2 32. e5 Bg6 33. Nf6+ gxf6 34. e6 Nxe6 35. fxg6 Ng7 36. gxf7+ Kxf7 37. Qxc8 Rexc8 38. Rab1 Bd4+ 39. Kh2 Bc3 40. Red1 Rc5 0-1